Länder mit der niedrigsten Geburtenrate - Statistiken

Allgemein
  • Dieses Quiz wurde 96 mal gespielt
  • Das Durchschnittsergebnis liegt bei 18 aus 25
Antwortstatistiken
Platz Land Geburten pro 1.000 Einwohner % Korrekt
10. Deutschland 8,6
94%
3. Japan 8
83%
22. Österreich 9,5
83%
18. Spanien 9
83%
8. Italien 8,5
81%
21. Polen 9,3
79%
6. Südkorea 8,3
77%
19. Tschechien 9,2
77%
6. Griechenland 8,3
76%
4. Portugal 8,2
74%
24. Slowakei 9,6
72%
19. Slowenien 9,2
72%
16. Ungarn 8,9
71%
15. Kroatien 8,8
70%
2. Andorra 7,3
69%
8. Bulgarien 8,5
67%
1. Monaco 6,5
67%
12. Rumänien 8,7
67%
16. Serbien 8,9
67%
10. San Marino 8,6
66%
12. Singapur 8,7
62%
12. Bosnien und Herzegowina 8,7
58%
24. Lettland 9,6
58%
4. Taiwan 8,2
52%
22. Katar 9,5
27%
Keine übereinstimmenden Quizze gefunden
Verteilung der Resultate
Anzahl Personen mit jedem Resultat
Perzentil nach korrekt beantworteten Fragen
Ihre Resultats-Entwicklung
Sie haben dieses Quiz noch nicht gespielt